000 00429nam a2200181Ia 4500
001 19569
005 20260306172703.0
008 260306t2015||||xx |||||||||||||| ||spa||
041 _aESP
082 _a340.7
_bB24
100 _aBarberis, Mauro
_eAUT
245 0 _aIntroducción al estudio del derecho
260 _c2015
300 _a257 páginas :
_c21 cm.
650 _aGEN
654 _aCDE
942 _cLIB
_dJUS
_fJUS
_2ddc
_n
999 _c19569
_d19569